000 01268nam a22002537a 4500
999 _c64676
_d64676
005 20240530110744.0
008 181119s2017 ua a f b 000 0 ara d
017 _a2017/2808
_bمصر. دار الكتب
020 _a9789778260113
040 _aEG-CaGPL
_cEG-CaGPL
082 0 4 _221
_a624.17 \
_bف ت
100 1 _aفريدريك ، مارى روبرت
245 1 2 _aالتصميمات الهندسية :
_bهندسة العمليات - عمارة الحداثة - الهندسة الفراغية - الادارة الهندسية - هندسية التشييد - العمارة الداخلية - القياسات المساحية - الاسقاط والقص - الرسم الهندسى /
_cتأليف مارى روبرت فريدريك ؛ ترجمة ابراهيم جابر السيد
250 _aط.1
260 _aالاسكندرية :
_bدار الكتب والدراسات العربية ،
_c2017 .
300 _a383 ص. ؛
_c24 سم.
504 _aيشتمل على ارجاعات ببليوجرافية
650 0 7 _2qrmak
_aعمارة الحداثة
650 0 7 _aالجسور
_2qrmak
651 _2qrmak
700 0 _aابراهيم جابر السيد
_eمترجم
942 _2ddc
_cBK